Haciendo memoria en el país de nunca más /
Guardado en:
| Autor Principal: | |
|---|---|
| Otros Autores: | , |
| Formato: | Libro |
| Publicado: |
Buenos Aires :
Eudeba
|
| Edición: | 2a. ed. |
| Series: | Derechos humanos
|
| Materias: | |
| Etiquetas: |
Agregar Etiqueta
Sin Etiquetas, Sea el primero en etiquetar este registro!
|
| LEADER | 00895nam a22002535a 4500 | ||
|---|---|---|---|
| 001 | CEM.cems011329 | ||
| 005 | 20071214193308.0 | ||
| 008 | 130507b######################000#0#####d | ||
| 003 | CEMS | ||
| 020 | |a 9502312880 | ||
| 082 | 0 | 4 | |a 372.89 |
| 100 | 1 | |a Finocchio, Silvia | |
| 245 | 1 | 0 | |a Haciendo memoria en el país de nunca más / |c Inés Dussel, Silvia Finocchio, Silvia Gojman |
| 250 | |a 2a. ed. | ||
| 260 | |a Buenos Aires : |b Eudeba | ||
| 300 | |a 223 p. | ||
| 490 | 0 | |a Derechos humanos | |
| 505 | 0 | |a El papel del Estado y de la sociedad -- Los jóvenes y los contextos -- La violencia y la tolerancia -- La memoria y el olvido -- Las marcas de la dictadura en la democracia | |
| 653 | |a Derechos humanos | ||
| 653 | |a Historia | ||
| 653 | |a Historia argentina 1976-1983 | ||
| 700 | 1 | |a Dussel, Inés | |
| 700 | 1 | |a Gojman, Silvia | |
| 859 | |a CEMS |b BIB. CEMS - 11 de abril |h 372.89 |i F498a2 |p 22258.03 |t Ej.1 | ||
